| 000 | 00544nam a22001817a 4500 | ||
|---|---|---|---|
| 005 | 20250327124520.0 | ||
| 008 | 250327b |||||||| |||| 00| 0 eng d | ||
| 020 | _aA Brief History of Economic Thought | ||
| 041 | _aeng | ||
| 082 | _a330.150 BOU | ||
| 100 | _aBougrine, Hassan | ||
| 245 | _aA Brief History of Economic Thought; From the Mercantilists to the Post Keynesians | ||
| 260 |
_aUK _bEdward Elgar Pub. _c2022 |
||
| 300 | _a285;. pages: 24 cm | ||
| 650 | _aEconomics; History | ||
| 700 | _aRochon, Louis-Philippe | ||
| 942 | _cBK | ||
| 999 |
_c43439 _d43439 |
||